Návrh implementácie cieľov udržateľného rozvoja pre lepšiu konkurencieschopnosť podnikov na Slovensku
Saved in:
| Main Author: | |
|---|---|
| Other Authors: | |
| Format: | Manuscript Book |
| Language: | Slovak |
| Published: |
2021
|
| Subjects: | |
| Online Access: | http://is.stuba.sk/zp/portal_zp.pl?podrobnosti=158189 |
| Tags: |
No Tags, Be the first to tag this record!
|
MARC
| LEADER | 00000ntm a22000003a 4500 | ||
|---|---|---|---|
| 001 | stuzp83825 | ||
| 003 | SK-STU | ||
| 005 | 20210612212202.8 | ||
| 007 | ta | ||
| 008 | 150427s2015----xo-----f-mn---000-0-slo-d | ||
| 040 | |a STU |b slo | ||
| 041 | 0 | |a slo | |
| 100 | 1 | |a Froncová, Karolína |u 064000 |k Z4 |4 aut |U MTF Materiálovotechnologická fakulta |T MTF Ústav priemyselného inžinierstva a manažmentu |X 85367 |U M4000 |Y 84 |7 85367 | |
| 242 | 0 | 1 | |a Proposal for the implementation of sustainable development goals for better competitiveness of enterprises in Slovakia |y eng |
| 245 | 1 | 0 | |a Návrh implementácie cieľov udržateľného rozvoja pre lepšiu konkurencieschopnosť podnikov na Slovensku |
| 260 | |c 2021 | ||
| 650 | 4 | |a konkurencieschopnosť |2 slo | |
| 650 | 4 | |a priemyselné inžinierstvo |2 slo | |
| 650 | 4 | |a Agenda 2030 |2 slo | |
| 650 | 4 | |a ciele udržateľného rozvoja |2 slo | |
| 650 | 4 | |a systémová implementácia |2 slo | |
| 650 | 4 | |a sustainable development goals |2 eng | |
| 650 | 4 | |a competitiveness |2 eng | |
| 650 | 4 | |a industrial engineering |2 eng | |
| 650 | 4 | |a Agenda 2030 |2 eng | |
| 650 | 4 | |a system implementation |2 eng | |
| 700 | 1 | |a Fidlerová, Helena |u 064000 |k Z2 |4 ths |U MTF Materiálovotechnologická fakulta |T MTF Ústav priemyselného inžinierstva a manažmentu |X 3662 |U M4000 |Y 84 |7 A000003662 | |
| 856 | 4 | |u http://is.stuba.sk/zp/portal_zp.pl?podrobnosti=158189 | |
| 996 | |c M* DP-14532 |l MMSKP |s P |a 0 |w stuzp83825_0001 | ||